Inovatívny prístup analýzy a spracovania dát v ERP systéme IFS

Salvato in:
Dettagli Bibliografici
Autore principale: Škopová, Lucia (Autore)
Altri autori: Ťapák, Peter (Relatore della tesi)
Natura: Manoscritto Libro
Lingua:slovacco
Pubblicazione: Bratislava : STU v Bratislave FEI, 2021
Soggetti:
Accesso online:https://opac.crzp.sk/?fn=detailBiblioForm&sid=52328540584FDC4D96832CAB80F2&seo=CRZP-detail-kniha
Tags: Aggiungi Tag
Nessun Tag, puoi essere il primo ad aggiungerne!!

MARC

LEADER 00000ntm a22000003a 4500
001 stuzp81858
003 SK-STU
005 20211116105516.8
007 ta
008 150427s2015----xo-----f-mn---000-0-slo-d
040 |a STU  |b slo 
041 0 |a slo 
044 |a xo 
100 1 |a Škopová, Lucia  |u 030400  |4 aut  |U FEI Fakulta elektrotechniky a informatiky  |T FEI Ústav automobilovej mechatroniky  |X 86406  |U E400  |Y 642  |7 86406 
242 0 1 |a Innovative analysis and processing of data in ERP system IFS  |y eng 
245 1 0 |a Inovatívny prístup analýzy a spracovania dát v ERP systéme IFS 
260 |a Bratislava :  |b STU v Bratislave FEI,  |c 2021 
300 |a 65 s. 
650 4 |a ERP systém  |2 slo 
650 4 |a IFS Applications 10  |2 slo 
650 4 |a PLM systém  |2 slo 
650 4 |a procesná mapa  |2 slo 
650 4 |a implementácia  |2 slo 
650 4 |a PLM system  |2 eng 
650 4 |a process map  |2 eng 
650 4 |a implementation  |2 eng 
650 4 |a ERP system  |2 eng 
650 4 |a IFS Applications 10  |2 eng 
700 1 |a Ťapák, Peter  |u 030400  |k Z1  |4 ths  |U FEI Fakulta elektrotechniky a informatiky  |T FEI Ústav automobilovej mechatroniky  |X 3715  |U E400  |Y 642  |7 A000003715 
856 4 |u https://opac.crzp.sk/?fn=detailBiblioForm&sid=52328540584FDC4D96832CAB80F2&seo=CRZP-detail-kniha